[Event "3rd EUR-ch"]
[Site "Batumi GEO"]
[Date "2002.06.16"]
[Round "5"]
[White "Citak, Selim"]
[Black "Mareck, Sascha"]
[Result "1/2-1/2"]
[WhiteElo "2035"]
[BlackElo "2249"]
[EventDate "2002.06.12"]
[PlyCount "71"]

1.d4 Nf6 2.c4 c5 3.d5 b5 4.cxb5 a6 5.e3 g6 6.Nc3 d6 7.Nf3 Bg7 8.bxa6 O-O 
9.Be2 Bxa6 10.O-O Nbd7 11.e4 Qb6 12.Nd2 Ne5 13.Kh1 Rfb8 14.f4 Nd3 15.Nc4 
Bxc4 16.Bxd3 Qa6 17.Bxc4 Qxc4 18.Re1 Nd7 19.Qe2 Qxe2 20.Rxe2 c4 21.g3 Nc5 
22.Kg2 h5 23.Kf2 Bd4+ 24.Kg2 Nd3 25.Kf3 Rb4 26.h3 Rab8 27.Nd1 Kg7 28.Bd2 
R4b5 29.Bc3 Bxc3 30.bxc3 Ra8 31.a4 Rba5 32.Nb2 Nc5 33.Nxc4 Rxa4 34.Rxa4 
Rxa4 35.Nb2 Ra3 36.Nd1 1/2-1/2

[Event "3rd EUR-ch"]
[Site "Batumi GEO"]
[Date "2002.06.16"]
[Round "5"]
[White "Urushadze, Davit"]
[Black "Dzhakaev, Dzhaka"]
[Result "1-0"]
[WhiteElo "2272"]
[BlackElo "2425"]
[EventDate "2002.06.12"]
[PlyCount "135"]

1.d4 Nf6 2.c4 d6 3.Nf3 Nbd7 4.Nc3 e5 5.e3 c6 6.Be2 Be7 7.O-O O-O 8.Qc2 a6 
9.a4 a5 10.b3 Qc7 11.Ba3 Nb8 12.b4 axb4 13.Bxb4 Na6 14.Ba3 Bg4 15.Nh4 g6 
16.Bxg4 Nxg4 17.Nf3 Rad8 18.Rab1 Nf6 19.Rb3 exd4 20.exd4 d5 21.c5 Ne4 22.
Rfb1 Qa5 23.Nxe4 dxe4 24.Qxe4 Bf6 25.Bb2 Qxa4 26.Qc2 Qa5 27.Bc3 Qa4 28.Bb2
Qa5 29.Bc3 Qa4 30.Bb2 Qa5 31.Rxb7 Rb8 32.Bc3 Qd8 33.Rxb8 Nxb8 34.Qb3 Nd7 
35.Qb7 Qc8 36.Qxc8 Rxc8 37.Bd2 Nf8 38.Be3 Ne6 39.Rd1 Rd8 40.Rd2 h5 41.h4 
Kf8 42.Kf1 Ke7 43.Ke2 Bg7 44.g3 Rd5 45.Kd1 Rf5 46.Ng5 Nxg5 47.Bxg5+ Ke6 
48.Kc2 Kd5 49.Be3 Ke4 50.Kb3 Kd5 51.Kc3 Rf3 52.Kd3 Bh6 53.Re2 f6 54.Ra2 
Bxe3 55.fxe3 Rxg3 56.Ra7 Ke6 57.Rc7 g5 58.Rxc6+ Kf5 59.hxg5 fxg5 60.Rh6 h4
61.c6 Rg1 62.d5 Rc1 63.d6 Rxc6 64.d7 Rxh6 65.d8=Q h3 66.e4+ Kg4 67.Qf8 Ra6
68.Qc8+ 1-0

[Event "3rd EUR-ch"]
[Site "Batumi GEO"]
[Date "2002.06.16"]
[Round "5"]
[White "Karadeniz, Emre"]
[Black "Ipek, Ali"]
[Result "1-0"]
[WhiteElo "2307"]
[BlackElo "2263"]
[EventDate "2002.06.12"]
[PlyCount "89"]

1.e4 c5 2.Nf3 e6 3.c4 Nc6 4.Nc3 d6 5.d4 cxd4 6.Nxd4 Nf6 7.Be2 Be7 8.O-O 
O-O 9.Be3 Bd7 10.Qd2 a6 11.Rfd1 Rc8 12.f3 Qc7 13.Rac1 Qb8 14.Kh1 Rfd8 15.
Nb3 b6 16.Na4 Be8 17.Bxb6 Rd7 18.Be3 Rb7 19.c5 Rd8 20.cxd6 Bxd6 21.Na5 Bc7
22.Nxc6 Rxd2 23.Nxb8 Rxe2 24.Nxa6 h6 25.Nxc7 Bxa4 26.Rd8+ Kh7 27.Bd4 Bc2 
28.Na6 Nd7 29.Bc3 Ba4 30.Nb4 Nc5 31.Rd2 Rxd2 32.Bxd2 Nd7 33.b3 Bb5 34.a4 
Be2 35.Re1 Nc5 36.Rxe2 Nxb3 37.Be1 Rd7 38.Kg1 Rd1 39.Kf2 Na5 40.Ra2 Rd6 
41.Nc2 Nb3 42.a5 Nc1 43.Ra3 Nd3+ 44.Ke3 Nc5 45.Bb4 1-0

[Event "3rd EUR-ch"]
[Site "Batumi GEO"]
[Date "2002.06.17"]
[Round "6"]
[White "Anastasian, Ashot"]
[Black "Delchev, Alexander"]
[Result "1/2-1/2"]
[WhiteElo "2591"]
[BlackElo "2550"]
[EventDate "2002.06.12"]
[PlyCount "77"]

1.c4 g6 2.g3 Bg7 3.Bg2 Nf6 4.Nc3 O-O 5.Nf3 c6 6.d4 d6 7.O-O Qa5 8.e4 Bg4 
9.h3 Bxf3 10.Bxf3 Nbd7 11.Be2 e5 12.d5 cxd5 13.cxd5 Nc5 14.f3 h5 15.Be3 a6
16.a3 Ncd7 17.b4 Qd8 18.Qd2 h4 19.g4 Nh7 20.a4 Bf6 21.a5 Bg5 22.Na4 Bxe3+ 
23.Qxe3 Qg5 24.Qxg5 Nxg5 25.Kg2 Rfc8 26.Rfc1 Kf8 27.Nb2 Rxc1 28.Rxc1 Ke7 
29.Bd1 Kd8 30.Ba4 Nf8 31.Rc2 Rc8 32.Rxc8+ Kxc8 33.Nc4 Kc7 34.Be8 Nfh7 35.
Ba4 Nf6 36.Bc2 Nd7 37.Bd3 f6 38.Bf1 Nf7 39.Kf2 1/2-1/2

[Event "3rd EUR-ch"]
[Site "Batumi GEO"]
[Date "2002.06.17"]
[Round "6"]
[White "Sulskis, Sarunas"]
[Black "Sargissian, Gabriel"]
[Result "1/2-1/2"]
[WhiteElo "2577"]
[BlackElo "2538"]
[EventDate "2002.06.12"]
[PlyCount "174"]

1.e4 e5 2.Nf3 Nc6 3.Bb5 a6 4.Ba4 Nf6 5.O-O Be7 6.Re1 b5 7.Bb3 d6 8.c3 O-O 
9.h3 Nb8 10.d4 Nbd7 11.Nbd2 Bb7 12.Bc2 Re8 13.Nf1 Bf8 14.Ng3 g6 15.a4 c5 
16.d5 c4 17.Bg5 h6 18.Be3 Nc5 19.Qd2 h5 20.Bg5 Be7 21.Ra3 Nfd7 22.Be3 Bf6 
23.Rea1 Qe7 24.Qd1 Nb6 25.Nd2 Bg5 26.Bxg5 Qxg5 27.axb5 axb5 28.Ra5 Ba6 29.
Ngf1 Qd8 30.R5a2 Qd7 31.Ne3 Bb7 32.h4 Rxa2 33.Rxa2 Ra8 34.Rxa8+ Bxa8 35.
Qa1 Qc8 36.g3 Qa6 37.Qxa6 Nxa6 38.f4 Nc5 39.fxe5 dxe5 40.g4 hxg4 41.Nxg4 
Nbd7 42.Nb1 Bb7 43.Na3 Ba6 44.Kf2 Kf8 45.Ke3 Ke7 46.Nb1 f6 47.Nd2 Nb6 48.
Nf3 Ncd7 49.h5 gxh5 50.Nh6 Nc5 51.Nf5+ Kd8 52.Ng7 Nba4 53.Nxh5 Ke7 54.d6+ 
Kxd6 55.Nxf6 Nxb2 56.Ne8+ Kd7 57.Nf6+ Ke6 58.Nd5 Kd6 59.Ng5 Nd7 60.Nf7+ 
Kc5 61.Ne7 b4 62.cxb4+ Kxb4 63.Nd5+ Kc5 64.Nc3 Bb7 65.Na4+ Nxa4 66.Bxa4 
Bc6 67.Bd1 c3 68.Bg4 Nf6 69.Nxe5 Bxe4 70.Bf3 Bh7 71.Ke2 Kb4 72.Kd1 Ne8 73.
Be2 Nd6 74.Bd3 Bg8 75.Nc6+ Kb3 76.Kc1 Bd5 77.Nd4+ Kb4 78.Ne2 Nb7 79.Kc2 
Bb3+ 80.Kc1 Nc5 81.Bc2 Bg8 82.Kd1 Kc4 83.Bb1 Kb4 84.Bc2 Bf7 85.Kc1 Kc4 86.
Nf4 Na6 87.Bd3+ Kd4 1/2-1/2

[Event "3rd EUR-ch"]
[Site "Batumi GEO"]
[Date "2002.06.17"]
[Round "6"]
[White "Graf, Alexander"]
[Black "Gagunashvili, Merab"]
[Result "1/2-1/2"]
[WhiteElo "2623"]
[BlackElo "2472"]
[EventDate "2002.06.12"]
[PlyCount "101"]

1.d4 d5 2.c4 c6 3.Nf3 Nf6 4.e3 Bf5 5.Nc3 e6 6.Nh4 Be4 7.f3 Bg6 8.Qb3 Qc7 
9.g3 Be7 10.Bd2 Nbd7 11.Rc1 Rc8 12.Kf2 Qb8 13.Be2 O-O 14.cxd5 cxd5 15.Nxg6
hxg6 16.Na4 a6 17.Rxc8 Rxc8 18.Rc1 Rxc1 19.Bxc1 Qc7 20.Qc3 Qxc3 21.Nxc3 
Kf8 22.Bf1 Ne8 23.Ke2 Nd6 24.Kd3 Ke8 25.Bh3 Nb8 26.e4 dxe4+ 27.fxe4 Nc6 
28.Bf4 g5 29.Bxd6 Bxd6 30.e5 Be7 31.Ke4 f5+ 32.exf6 Bxf6 33.Bxe6 Nxd4 34.
Bc4 Nc6 35.Bd5 Kd7 36.Nd1 b5 37.b3 Nb4 38.a4 Kd6 39.Ne3 bxa4 40.bxa4 Nxd5 
41.Nxd5 Bb2 42.h4 gxh4 43.gxh4 Kc5 44.h5 a5 45.Nf4 Kc4 46.Nd3 Bf6 47.Ne5+ 
Kb3 48.Nc6 Kxa4 49.Kf5 Bc3 50.Kg6 Kb5 51.Nxa5 1/2-1/2

[Event "3rd EUR-ch"]
[Site "Batumi GEO"]
[Date "2002.06.17"]
[Round "6"]
[White "Guseinov, Gadir"]
[Black "Volkov, Sergei"]
[Result "1/2-1/2"]
[WhiteElo "2510"]
[BlackElo "2609"]
[EventDate "2002.06.12"]
[PlyCount "45"]

1.e4 e6 2.Nc3 d5 3.d4 Nf6 4.Bg5 Bb4 5.e5 h6 6.Bd2 Bxc3 7.bxc3 Ne4 8.Qg4 
Kf8 9.Bd3 Nxd2 10.Kxd2 c5 11.h4 c4 12.Be2 b5 13.Nh3 Nc6 14.a3 Bd7 15.Nf4 
a5 16.Rh3 Rg8 17.Rf3 Ke7 18.Nh5 b4 19.Qf4 bxc3+ 20.Ke1 Be8 21.Rg3 Qb6 22.
Rd1 Kd7 23.Nf6+ 1/2-1/2

[Event "3rd EUR-ch"]
[Site "Batumi GEO"]
[Date "2002.06.17"]
[Round "6"]
[White "Radulski, Yulian"]
[Black "Popov, Valery"]
[Result "1-0"]
[WhiteElo "2501"]
[BlackElo "2575"]
[EventDate "2002.06.12"]
[PlyCount "157"]

1.e4 c5 2.Nc3 d6 3.f4 g6 4.Nf3 Bg7 5.Bb5+ Bd7 6.Bxd7+ Qxd7 7.O-O Nc6 8.d3 
Nf6 9.h3 O-O 10.Be3 b6 11.Qe1 Rad8 12.Qh4 d5 13.Bf2 dxe4 14.dxe4 h6 15.Be3
Nd4 16.Qf2 Qb7 17.Rae1 Nxf3+ 18.Qxf3 e6 19.Rd1 Qa8 20.Bf2 Nh7 21.Qe2 g5 
22.g3 Kh8 23.Kh2 Rg8 24.Rxd8 Rxd8 25.Be1 Rd7 26.e5 gxf4 27.gxf4 Nf8 28.Bg3
Ng6 29.Rd1 Rxd1 30.Qxd1 Ne7 31.Bh4 Nf5 32.Qd8+ Qxd8 33.Bxd8 Nd4 34.a4 Kh7 
35.Nb5 Nc6 36.Bc7 f6 37.exf6 Bxf6 38.b3 Be7 39.Kg3 Kg6 40.Kg4 h5+ 41.Kf3 
Kf5 42.Ke3 Bf8 43.c3 Bh6 44.Nd6+ Kf6 45.Ke4 Ke7 46.Nc4 Bg7 47.Be5 Bxe5 48.
Nxe5 Nb8 49.f5 Kf6 50.fxe6 Kxe6 51.Nd3 c4 52.Nf4+ Kf6 53.b4 Kg5 54.Ng2 Nc6
55.Kd5 Nxb4+ 56.cxb4 c3 57.Ne3 Kh4 58.Kd4 Kxh3 59.Kxc3 Kg3 60.Kd4 Kf3 61.
Nf5 Kf4 62.Nh4 Kg4 63.Ng6 Kf5 64.Ne7+ Kf4 65.b5 Kf3 66.Ng6 Kf2 67.Ke4 Ke2 
68.Kd5 Kf3 69.Kc6 Kg4 70.Kb7 Kg5 71.Ne5 Kf4 72.Kxa7 Kxe5 73.a5 bxa5 74.b6 
h4 75.b7 Kf4 76.b8=Q+ Kg4 77.Qc8+ Kg3 78.Qc7+ Kg2 79.Qxa5 1-0

[Event "3rd EUR-ch"]
[Site "Batumi GEO"]
[Date "2002.06.17"]
[Round "6"]
[White "Minasian, Artashes"]
[Black "Bagirov, Rufat"]
[Result "1-0"]
[WhiteElo "2572"]
[BlackElo "2516"]
[EventDate "2002.06.12"]
[PlyCount "141"]

1.e4 e6 2.d4 d5 3.Nc3 Nf6 4.Bg5 Be7 5.e5 Nfd7 6.h4 c5 7.Bxe7 Kxe7 8.dxc5 
Nxe5 9.Qe2 Nbc6 10.O-O-O Kf8 11.f4 Nd7 12.Nf3 Nxc5 13.Kb1 b6 14.f5 exf5 
15.Rxd5 Qf6 16.Qd2 Be6 17.Rd6 Rd8 18.Bc4 Nb7 19.Rxd8+ Ncxd8 20.Nd5 Bxd5 
21.Bxd5 Nc5 22.Re1 h6 23.b4 Nce6 24.Bxe6 Nxe6 25.Qd7 g5 26.Qxa7 g4 27.Ne5 
Kg7 28.Qxb6 Qxh4 29.Rf1 f4 30.Qb7 Qh5 31.Qe4 Rd8 32.Qe2 Kf8 33.Re1 Rd4 34.
a3 f3 35.gxf3 g3 36.Rg1 Rd5 37.Ng4 Nd4 38.Qe4 Nb5 39.Qh7 Ke7 40.Re1+ Kd6 
41.Qh8 Qf5 42.Qxh6+ Kc7 43.Re7+ Rd7 44.Rxd7+ Kxd7 45.Qd2+ Kc7 46.Ne3 Qxf3 
47.a4 g2 48.Nxg2 Nc3+ 49.Ka1 Nd5 50.Kb2 Qf6+ 51.Kb3 Qf3+ 52.c3 f5 53.Ne1 
Qe4 54.Qd3 Qxe1 55.Qxd5 Qb1+ 56.Kc4 Qa2+ 57.Kc5 Qxa4 58.Qf7+ Kd8 59.Qxf5 
Qa7+ 60.Kc4 Qa2+ 61.Kb5 Qe2+ 62.c4 Qe8+ 63.Ka5 Qe1 64.c5 Kc7 65.Qf7+ Kc6 
66.Qf6+ Kc7 67.Qd6+ Kc8 68.Qc6+ Kb8 69.Qb5+ Ka7 70.Qd7+ Ka8 71.Ka6 1-0

[Event "3rd EUR-ch"]
[Site "Batumi GEO"]
[Date "2002.06.17"]
[Round "6"]
[White "Kempinski, Robert"]
[Black "Supatashvili, Khvicha"]
[Result "1/2-1/2"]
[WhiteElo "2570"]
[BlackElo "2509"]
[EventDate "2002.06.12"]
[PlyCount "66"]

1.d4 Nf6 2.c4 e6 3.Nf3 b6 4.g3 Ba6 5.Qa4 Be7 6.Bg2 O-O 7.Nc3 Bb7 8.O-O Ne4
9.Nxe4 Bxe4 10.Bf4 d6 11.Rfd1 f5 12.c5 Qd7 13.Qa3 Nc6 14.Rac1 bxc5 15.dxc5
d5 16.Qa4 Rfd8 17.b4 a6 18.Bf1 d4 19.Bg5 e5 20.Bxe7 Qxe7 21.Nh4 Qf6 22.Bg2
Bxg2 23.Nxg2 Qe6 24.a3 Na7 25.Qc2 Nb5 26.Ra1 g6 27.Rdc1 c6 28.a4 Nc3 29.e3
Qc4 30.exd4 exd4 31.Nf4 Qxb4 32.Ne6 Re8 33.Nxd4 Qxd4 1/2-1/2

[Event "3rd EUR-ch"]
[Site "Batumi GEO"]
[Date "2002.06.17"]
[Round "6"]
[White "Izoria, Zviad"]
[Black "Yagupov, Igor"]
[Result "1-0"]
[WhiteElo "2556"]
[BlackElo "2474"]
[EventDate "2002.06.12"]
[PlyCount "75"]

1.c4 e6 2.Nc3 d5 3.d4 c6 4.e4 dxe4 5.Nxe4 Bb4+ 6.Bd2 Qxd4 7.Bxb4 Qxe4+ 8.
Be2 Na6 9.Bd6 f6 10.Nf3 e5 11.O-O Bf5 12.c5 Nb4 13.Rc1 Qd5 14.Qa4 Nd3 15.
Rcd1 e4 16.Nd4 Nh6 17.Rxd3 exd3 18.Bf3 Be4 19.Re1 O-O-O 20.Rxe4 d2 21.Re7 
Rxd6 22.Bxd5 Rxd5 23.Re2 Nf5 24.Rxd2 Re8 25.f3 Re1+ 26.Kf2 Rb1 27.Qc2 Rf1+
28.Kxf1 Ne3+ 29.Ke2 Nxc2 30.Nxc2 Rxc5 31.Ne3 h5 32.Rc2 Ra5 33.a3 g5 34.Nc4
Rd5 35.Rd2 Rc5 36.Nd6+ Kb8 37.Ne4 Re5 38.Kf2 1-0

[Event "3rd EUR-ch"]
[Site "Batumi GEO"]
[Date "2002.06.17"]
[Round "6"]
[White "Gashimov, Vugar"]
[Black "Mchedlishvili, Mikheil"]
[Result "1/2-1/2"]
[WhiteElo "2470"]
[BlackElo "2540"]
[EventDate "2002.06.12"]
[PlyCount "111"]

1.e4 c6 2.d4 d5 3.Nc3 dxe4 4.Nxe4 Bf5 5.Ng3 Bg6 6.h4 h6 7.Nf3 Nf6 8.h5 Bh7
9.Bd3 Bxd3 10.Qxd3 e6 11.Bd2 Be7 12.O-O-O O-O 13.Kb1 c5 14.Ne4 Nbd7 15.g4 
cxd4 16.Rhg1 Nxe4 17.Qxe4 Nc5 18.Qxd4 Qxd4 19.Nxd4 Rfd8 20.Be3 a6 21.f3 
Rac8 22.c4 Na4 23.Rc1 Rd7 24.b3 Bf6 25.Ne2 Rd3 26.Bf4 Nc5 27.Rgf1 e5 28.
Bh2 e4 29.Nf4 Rxf3 30.Rxf3 exf3 31.Kc2 Re8 32.Rf1 Re3 33.Bg1 Rc3+ 34.Kd1 
Ne4 35.Bb6 Bg5 36.Bc7 f6 37.Re1 f2 38.Rf1 Kf7 39.Nd5 Rh3 40.Bb6 Bh4 41.Ne3
Rh2 42.Nf5 g6 43.hxg6+ Kxg6 44.Ke2 Ng3+ 45.Nxg3 Bxg3 46.b4 f5 47.gxf5+ 
Kxf5 48.b5 Ke4 49.a4 Rh5 50.c5 axb5 51.axb5 Rd5 52.Rc1 Rd7 53.c6 bxc6 54.
bxc6 Rf7 55.Kf1 Bc7 56.Bxc7 1/2-1/2

[Event "3rd EUR-ch"]
[Site "Batumi GEO"]
[Date "2002.06.17"]
[Round "6"]
[White "Markowski, Tomasz"]
[Black "Gaprindashvili, Valerian"]
[Result "1/2-1/2"]
[WhiteElo "2538"]
[BlackElo "2476"]
[EventDate "2002.06.12"]
[PlyCount "86"]

1.g3 Nf6 2.Bg2 d5 3.Nf3 Nc6 4.c4 d4 5.O-O e5 6.d3 Be7 7.e3 O-O 8.exd4 exd4
9.Na3 Nd7 10.Nc2 Bf6 11.b4 Nde5 12.b5 Nxf3+ 13.Bxf3 Ne5 14.Be4 a6 15.Bf4 
Ng6 16.Qh5 axb5 17.cxb5 Be7 18.Bd2 Ra4 19.a3 f5 20.Bg2 Bd7 21.Rab1 Qe8 22.
Bd5+ Kh8 23.Bb3 Ra8 24.Nxd4 Bc5 25.Bc3 Rxa3 26.Rfe1 Ne5 27.Qxe8 Rxe8 28.
Kg2 Raa8 29.Ne6 Bxe6 30.Rxe5 Bxb3 31.Rxc5 Ba2 32.Ra1 c6 33.Rxf5 Bd5+ 34.
Kf1 Rxa1+ 35.Bxa1 Kg8 36.bxc6 bxc6 37.Rf4 Be6 38.g4 h5 39.h3 hxg4 40.hxg4 
Ra8 41.Bb2 Rb8 42.Be5 Rb5 43.Bd4 Rb4 1/2-1/2

[Event "3rd EUR-ch"]
[Site "Batumi GEO"]
[Date "2002.06.17"]
[Round "6"]
[White "Priehoda, Vitezslav"]
[Black "Asrian, Karen"]
[Result "0-1"]
[WhiteElo "2425"]
[BlackElo "2591"]
[EventDate "2002.06.12"]
[PlyCount "84"]

1.d4 d5 2.c4 e6 3.Nf3 Nf6 4.Nc3 c6 5.Bg5 Nbd7 6.e3 Qa5 7.Nd2 dxc4 8.Bxf6 
Nxf6 9.Nxc4 Qc7 10.Rc1 Be7 11.Be2 O-O 12.O-O Rd8 13.a3 Bd7 14.b4 Be8 15.
Qb3 Rac8 16.Rfd1 b6 17.Bf3 Qb8 18.g3 Nd5 19.Ne4 h6 20.Bg2 a6 21.Ne5 Qa7 
22.Rc2 a5 23.bxa5 Qxa5 24.Nc4 Qa7 25.a4 c5 26.Nb2 Nb4 27.Rcc1 cxd4 28.Rxc8
Rxc8 29.Rxd4 Nc6 30.Nd6 Rd8 31.Bxc6 Bxc6 32.Nb5 Qa8 33.Qd1 Rxd4 34.exd4 
Qd8 35.f3 Bf6 36.Nc4 Bxb5 37.axb5 Qd5 38.Qb3 Bxd4+ 39.Kg2 Bc5 40.Qc2 Qd4 
41.f4 Qg1+ 42.Kf3 Qf1+ 0-1

[Event "3rd EUR-ch"]
[Site "Batumi GEO"]
[Date "2002.06.17"]
[Round "6"]
[White "Matnadze, Ana"]
[Black "Kallio, Heikki"]
[Result "0-1"]
[WhiteElo "2365"]
[BlackElo "2502"]
[EventDate "2002.06.12"]
[PlyCount "117"]

1.d4 c5 2.d5 g6 3.g3 d6 4.a4 Bg7 5.Bg2 Nf6 6.Nf3 Na6 7.O-O Nc7 8.c4 a6 9.
a5 e6 10.Nc3 exd5 11.cxd5 Nb5 12.Nd2 O-O 13.Nc4 Re8 14.Nb6 Rb8 15.Ra4 Nd7 
16.Nxc8 Rxc8 17.Ne4 c4 18.Bg5 f6 19.Bf4 Ne5 20.Bh3 f5 21.Bg5 Qd7 22.f4 Nf7
23.Nf6+ Bxf6 24.Bxf6 Qc7 25.Bg2 Qc5+ 26.Kh1 Re3 27.Bf3 c3 28.Qc2 Nh6 29.h3
Kf7 30.Bxc3 Nxc3 31.bxc3 Rxc3 32.Qb2 Rc7 33.g4 Qe3 34.Qb6 Qxb6 35.axb6 
R7c4 36.Rfa1 Ng8 37.gxf5 gxf5 38.Kg2 Ne7 39.e4 Ng6 40.Rxc4 Rxc4 41.exf5 
Nh4+ 42.Kg3 Nxf5+ 43.Kf2 Rc2+ 44.Kg1 Rb2 45.Rc1 Rxb6 46.Rc7+ Ne7 47.Kf2 a5
48.Be4 h6 49.Kf3 a4 50.Kg4 a3 51.Rc2 Rb4 52.Bf3 Kf6 53.Re2 Ra4 54.Ra2 Nf5 
55.Kh5 b5 56.Bd1 Rxf4 57.Bg4 b4 58.Ra1 Rf2 59.Bxf5 0-1

[Event "3rd EUR-ch"]
[Site "Batumi GEO"]
[Date "2002.06.17"]
[Round "6"]
[White "Jojua, Davit"]
[Black "Petrov, Marijan"]
[Result "1/2-1/2"]
[WhiteElo "2125"]
[BlackElo "2469"]
[EventDate "2002.06.12"]
[PlyCount "51"]

1.e4 g6 2.d4 Bg7 3.c3 d6 4.Bd3 e5 5.dxe5 dxe5 6.Nf3 Nd7 7.Be3 Ngf6 8.h3 
O-O 9.O-O Qe7 10.b4 a5 11.a3 c5 12.bxa5 c4 13.Bxc4 Nxe4 14.a6 Nd6 15.axb7 
Bxb7 16.Bd5 e4 17.Bxb7 Nxb7 18.Nd4 Ne5 19.Nd2 Nc5 20.N4b3 Nxb3 21.Qxb3 Nd3
22.Rab1 Rxa3 23.Qc4 Rxc3 24.Qxe4 Qxe4 25.Nxe4 Rc4 26.Rb3 1/2-1/2

[Event "3rd EUR-ch"]
[Site "Batumi GEO"]
[Date "2002.06.17"]
[Round "6"]
[White "Mamedov, Nidjat"]
[Black "Haznedaroglu, Kivanc"]
[Result "1/2-1/2"]
[WhiteElo "2463"]
[BlackElo "2345"]
[EventDate "2002.06.12"]
[PlyCount "106"]

1.e4 c5 2.Nf3 Nc6 3.d4 cxd4 4.Nxd4 Nf6 5.Nc3 e5 6.Ndb5 d6 7.Bg5 a6 8.Bxf6 
gxf6 9.Na3 b5 10.Nd5 Bg7 11.c3 f5 12.exf5 Bxf5 13.Nc2 O-O 14.Nce3 Be6 15.
Bd3 f5 16.O-O f4 17.Qh5 Rf7 18.Bxh7+ Kf8 19.Bf5 Qe8 20.Bxe6 Qxe6 21.Qg4 
Qh6 22.Nb6 Re8 23.Ned5 e4 24.Nd7+ Kg8 25.Rfe1 Re6 26.N7f6+ Rfxf6 27.Nxf6+ 
Qxf6 28.Rad1 Ne7 29.Re2 Qf5 30.h3 Qxg4 31.hxg4 Kf7 32.a4 d5 33.axb5 axb5 
34.f3 e3 35.Rd3 b4 36.g3 bxc3 37.bxc3 Rc6 38.gxf4 Rxc3 39.Rexe3 d4 40.Rxc3
dxc3 41.Re4 Nd5 42.Rc4 Ke6 43.Kf2 Kd6 44.Ke2 Nb6 45.Re4 Nd7 46.Kd1 Nc5 47.
Re8 Kd5 48.Kc2 Ne6 49.f5 Nd4+ 50.Kxc3 Nxf3+ 51.Kc2 Bf6 52.Rf8 Be5 53.Kd3 
Nh2 1/2-1/2

[Event "3rd EUR-ch"]
[Site "Batumi GEO"]
[Date "2002.06.17"]
[Round "6"]
[White "Maherramzade, Javad"]
[Black "Bae, Torstein"]
[Result "1/2-1/2"]
[WhiteElo "2493"]
[BlackElo "2314"]
[EventDate "2002.06.12"]
[PlyCount "63"]

1.Nf3 Nf6 2.d4 g6 3.c4 Bg7 4.g3 O-O 5.Bg2 d5 6.cxd5 Nxd5 7.O-O Nb6 8.Nc3 
Nc6 9.d5 Na5 10.Qc2 c6 11.dxc6 Nxc6 12.Rd1 Bd7 13.Be3 Rc8 14.Bxb6 axb6 15.
Qd2 Be6 16.Qe3 Qc7 17.Ng5 Bc4 18.Nd5 Bxd5 19.Bxd5 h6 20.Nxf7 Rxf7 21.Bxf7+
Kxf7 22.Qb3+ e6 23.Rac1 Re8 24.Rd3 Re7 25.Rcd1 Qe5 26.R1d2 Qc7 27.Qb5 Kg8 
28.a3 Kh7 29.Qa4 Qe5 30.Qd1 b5 31.b4 Bf6 32.Rd7 1/2-1/2

[Event "3rd EUR-ch"]
[Site "Batumi GEO"]
[Date "2002.06.17"]
[Round "6"]
[White "Jirovsky, Milos"]
[Black "Makharadze, Jambul"]
[Result "1/2-1/2"]
[WhiteElo "2446"]
[BlackElo "2302"]
[EventDate "2002.06.12"]
[PlyCount "95"]

1.c4 e5 2.g3 Nc6 3.Bg2 g6 4.Nc3 Bg7 5.Rb1 a5 6.a3 Nf6 7.b4 axb4 8.axb4 O-O
9.d3 d6 10.Bg5 h6 11.Bxf6 Bxf6 12.Nf3 Bg7 13.O-O Ne7 14.Nd2 e4 15.Qc2 exd3
16.Qxd3 Nc6 17.Bxc6 bxc6 18.b5 c5 19.Nd5 Bf5 20.e4 Be6 21.Rfe1 Ra2 22.Nf3 
Bxd5 23.Qxd5 Re8 24.Rbd1 Qf6 25.Kg2 Rc2 26.Rd2 Rc3 27.Rd3 Rxd3 28.Qxd3 Qc3
29.Qxc3 Bxc3 30.Re3 Bf6 31.h4 Kg7 32.Re2 Ra8 33.Rd2 Ra4 34.b6 cxb6 35.Rxd6
Bc3 36.Rxb6 Rxc4 37.Rc6 Bb2 38.e5 Rc2 39.e6 fxe6 40.Rxe6 c4 41.Rc6 Bf6 42.
Ne1 Rc3 43.f4 Kf7 44.Nf3 Rc2+ 45.Kh3 c3 46.Ne5+ Bxe5 47.fxe5 Re2 48.e6+ 
1/2-1/2

[Event "3rd EUR-ch"]
[Site "Batumi GEO"]
[Date "2002.06.17"]
[Round "6"]
[White "Erdogdu, Mert"]
[Black "Velicka, Petr"]
[Result "0-1"]
[WhiteElo "2295"]
[BlackElo "2437"]
[EventDate "2002.06.12"]
[PlyCount "72"]

1.e4 c6 2.d4 d5 3.Nc3 dxe4 4.Nxe4 Bf5 5.Ng3 Bg6 6.h4 h6 7.Nf3 e6 8.h5 Bh7 
9.Bd3 Bxd3 10.Qxd3 Nf6 11.Bd2 c5 12.O-O-O Nc6 13.Bc3 Qd5 14.dxc5 Qxd3 15.
Rxd3 Bxc5 16.Bxf6 gxf6 17.Ne4 Be7 18.Rhd1 Rd8 19.Rxd8+ Nxd8 20.Nd6+ Bxd6 
21.Rxd6 Rg8 22.g3 Nc6 23.Rd3 Rg4 24.a3 Ne5 25.Rd4 f5 26.Rxg4 Nxg4 27.Nd4 
Nxf2 28.Nb5 Ne4 29.Nxa7 Kd7 30.c4 Nxg3 31.b4 Nxh5 32.a4 Ng3 33.a5 h5 34.c5
h4 35.c6+ bxc6 36.a6 h3 0-1

[Event "3rd EUR-ch"]
[Site "Batumi GEO"]
[Date "2002.06.17"]
[Round "6"]
[White "Bagaturov, Giorgi"]
[Black "Sulashvili, Malkhaz"]
[Result "1-0"]
[WhiteElo "2434"]
[BlackElo "2254"]
[EventDate "2002.06.12"]
[PlyCount "64"]

1.d4 d5 2.c4 e6 3.Nf3 c6 4.Nbd2 Nf6 5.g3 Nbd7 6.Bg2 Bd6 7.O-O O-O 8.Qc2 
Qe8 9.b3 Qe7 10.Bb2 e5 11.cxd5 cxd5 12.dxe5 Nxe5 13.Nd4 Bd7 14.Nf5 Bxf5 
15.Qxf5 Ba3 16.Bxa3 Qxa3 17.Rfc1 Nc6 18.Qd3 Qe7 19.e3 Rac8 20.Nf3 a6 21.
Nd4 Ne5 22.Qd1 Qd7 23.Ne2 Rc6 24.Rxc6 Nxc6 25.Qd2 Rd8 26.Rd1 Ne7 27.Nf4 h6
28.Qa5 g5 29.Nxd5 Nexd5 30.Bxd5 Nxd5 31.e4 b6 32.Qxa6 b5 1-0

[Event "3rd EUR-ch"]
[Site "Batumi GEO"]
[Date "2002.06.17"]
[Round "6"]
[White "Gurcan, Selim"]
[Black "Babaev, Rashad"]
[Result "1/2-1/2"]
[WhiteElo "2283"]
[BlackElo "2430"]
[EventDate "2002.06.12"]
[PlyCount "130"]

1.e4 c5 2.Nf3 d6 3.d4 cxd4 4.Nxd4 Nf6 5.Nc3 Nc6 6.f3 e5 7.Nb3 Be7 8.Be3 
O-O 9.Qd2 Be6 10.O-O-O a5 11.Bb5 Na7 12.Be2 Nc6 13.Bb5 Na7 14.Be2 Qd7 15.
Nxa5 Rfc8 16.Kb1 Nc6 17.Nc4 Bxc4 18.Bxc4 Na5 19.Bb3 b5 20.g4 Nc4 21.Qd3 
Qc6 22.Bc1 Kf8 23.g5 Nh5 24.Qd5 Rab8 25.Qxc6 Rxc6 26.Nd5 g6 27.Rhf1 Rb7 
28.f4 exf4 29.Nxf4 Nxf4 30.Bxf4 Kg8 31.Rd5 Bf8 32.Rfd1 Bg7 33.Bxc4 bxc4 
34.e5 Bxe5 35.Bxe5 dxe5 36.Rxe5 Kg7 37.Re4 h6 38.h4 hxg5 39.hxg5 Rb5 40.
Rg4 Rf5 41.b4 cxb3 42.axb3 Rcc5 43.Rdg1 Rf2 44.c4 Re5 45.R4g2 Rf3 46.Rb2 
f5 47.gxf6+ Kxf6 48.Rc1 Ke7 49.b4 Kd8 50.c5 Kc8 51.b5 Rff5 52.Rbc2 Kc7 53.
Kb2 g5 54.Kb3 g4 55.Kb4 g3 56.Ra1 Rf4+ 57.Rc4 Ree4 58.Rxe4 Rxe4+ 59.Kc3 
Rg4 60.Rg1 g2 61.Kd3 Kb7 62.Ke3 Kc7 63.Kf3 Rg5 64.Rxg2 Rxc5 65.Rf2 Rf5+ 
1/2-1/2

[Event "3rd EUR-ch"]
[Site "Batumi GEO"]
[Date "2002.06.17"]
[Round "6"]
[White "Danner, Georg"]
[Black "Erdogan, Hakan"]
[Result "1-0"]
[WhiteElo "2407"]
[BlackElo "2233"]
[EventDate "2002.06.12"]
[PlyCount "86"]

1.d4 Nf6 2.Nf3 e6 3.e3 c5 4.Bd3 b6 5.O-O Bb7 6.c4 Be7 7.Nc3 d6 8.d5 Nbd7 
9.e4 e5 10.g3 h5 11.Nh4 g6 12.Ng2 a6 13.f4 Qc7 14.Qe2 O-O-O 15.f5 Rdg8 16.
fxg6 fxg6 17.a3 Kb8 18.Bd2 Bc8 19.b4 Ng4 20.h3 Nh6 21.Rab1 Ka7 22.Na4 g5 
23.Ne3 Nf6 24.bxc5 bxc5 25.Nf5 Nxf5 26.exf5 Bd8 27.Nc3 Rh7 28.Rb3 Qd7 29.
Ne4 Nxe4 30.Bxe4 Qe8 31.Kg2 Rf7 32.Qxh5 g4 33.hxg4 Rh8 34.Bh6 Qd7 35.g5 
Rfh7 36.f6 Qa4 37.Qd1 Qxc4 38.Bxh7 Rxh7 39.Qd3 Qxd3 40.Rxd3 c4 41.f7 Be7 
42.Rdd1 Bg4 43.Rc1 Kb6 1-0

[Event "3rd EUR-ch"]
[Site "Batumi GEO"]
[Date "2002.06.17"]
[Round "6"]
[White "Kantaria, Mikheil"]
[Black "Shanava, Konstantine"]
[Result "0-1"]
[WhiteElo "2259"]
[BlackElo "2390"]
[EventDate "2002.06.12"]
[PlyCount "94"]

1.a3 d5 2.d4 c6 3.Nf3 Nf6 4.Bf4 Bf5 5.e3 Nbd7 6.Bd3 Bxd3 7.cxd3 e6 8.Nc3 
Be7 9.O-O O-O 10.b4 Nh5 11.Bg3 Nxg3 12.hxg3 Qb8 13.Na4 b6 14.Qb3 Rc8 15.
Rfc1 f6 16.Rc3 Qb7 17.Rac1 b5 18.Nc5 Bxc5 19.dxc5 a5 20.Nd4 Nf8 21.f4 Rd8 
22.e4 axb4 23.axb4 Ra4 24.f5 e5 25.Nf3 Qf7 26.Nd2 d4 27.Qxf7+ Kxf7 28.Rb3 
Rda8 29.Rbb1 Nd7 30.Nf3 Nb8 31.Ne1 Ra3 32.Kf2 R8a4 33.Ke2 Na6 34.Nc2 Ra2 
35.Kd1 h5 36.Rb3 g6 37.Rcb1 gxf5 38.exf5 Kg7 39.R1b2 Kh6 40.Ke2 Kg5 41.Kf3
Kxf5 42.Rxa2 Rxa2 43.Ne1 Nc7 44.Rb1 Ne6 45.g4+ hxg4+ 46.Kg3 Kg5 47.Rc1 Nf4
0-1

[Event "3rd EUR-ch"]
[Site "Batumi GEO"]
[Date "2002.06.17"]
[Round "6"]
[White "Kamadadze, Zviad"]
[Black "Chibukhchian, Artur"]
[Result "0-1"]
[WhiteElo "2225"]
[BlackElo "2379"]
[EventDate "2002.06.12"]
[PlyCount "57"]

1.d4 a6 2.c4 d6 3.Nc3 Nf6 4.e4 Nbd7 5.Nf3 e5 6.Be2 Be7 7.O-O O-O 8.d5 c6 
9.Be3 cxd5 10.cxd5 b5 11.Nd2 Rb8 12.b4 Nb6 13.a4 bxa4 14.Nxa4 Nxa4 15.Qxa4
Ng4 16.Bxg4 Bxg4 17.Qxa6 Rxb4 18.Rfb1 Rxb1+ 19.Rxb1 Bc8 20.Qa7 f5 21.Rc1 
Bg5 22.Rc7 Qf6 23.Nc4 fxe4 24.Bxg5 Qxg5 25.Nxd6 Bh3 26.g3 Qg4 27.f3 Rxf3 
28.Rc8+ Qxc8 29.Nxc8 0-1